01154cam a2200265u 450000100060000000300080000600500170001400800410003103500190007204000280009104100080011908200220012711000440014924501150019326001210030830001010042949000300053050000490056065000410060965000540065065000540070465000550075883000080081383000670082127710BD-RjUL20211209051206.0140327s1946 dcuabef f000 0 eng  a(BD-RjUL)27789 aDLCcCarPdBD-RjULbeng aeng0 a940.542bCAM 19462 aUnited States Strategic Bombing Survey.14aThe campaigns of the Pacific war /cUnited States Strategic Bombing Survey (Pacific), Naval Analysis Division. aWashington :bNaval Analysis Division;b[for sale by the Superintendent of Documents, U.S. Govt. Print. Off.,c1946. axv, 395 p. :bincl. illus. (map) plates, front., plans (part fold.) diagrs. (part fold.)c27 cm.1 aReports. Pacific war,v73 aFolded map attached to inside of back cover. 0aWorld War, 1939-1945zPacific Ocean. 0aWorld War, 1939-1945xNaval operations, Japanese. 0aWorld War, 1939-1945xNaval operations, American. 0aWorld War, 1939-1945xAerial operations, American. 0v73. 0aUnited States Strategic Bombing Survey (Series) (Pacific war),